[Event "DVM U14w 2018"]
[Site "Neumünster GER"]
[Date "2018.12.29"]
[Round "5"]
[White "Evering, Enna"]
[Black "Pflugradt, Natalie"]
[Result "0-1"]
[Termination "normal"]
[Board "2.3"]
[WhiteElo "1388"]
[BlackElo "1472"]
[WhiteClock "00:06:11"]
[BlackClock "00:34:41"]
[WhiteTeam "SC Papenburg"]
[BlackTeam "SG Blau-Weiß Stadtilm"]
[PlyCount "106"]
[WhiteFideId "16218213"]
[BlackFideId "16212444"]
[EventCountry "GER"]
[EventRounds "7"]
[EventType "team-swiss"]
[EventDate "2018.12.26"]

1. e4 {[%clk 01:30:54]} {[%emt 00:00:05]} e5 {[%clk 01:30:53]} {[%emt
00:00:06]} 2. Nf3 {[%clk 01:31:06]} {[%emt 00:00:18]} Nc6 {[%clk 01:31:14]}
{[%emt 00:00:10]} 3. d4 {[%clk 01:31:19]} {[%emt 00:00:17]} exd4 {[%clk
01:31:33]} {[%emt 00:00:11]} 4. Nxd4 {[%clk 01:31:20]} {[%emt 00:00:29]} Bc5
{[%clk 01:31:47]} {[%emt 00:00:16]} 5. Nb3 {[%clk 01:31:26]} {[%emt 00:00:24]}
Bb6 {[%clk 01:32:04]} {[%emt 00:00:12]} 6. Nc3 {[%clk 01:30:44]} {[%emt
00:01:13]} Nf6 {[%clk 01:31:57]} {[%emt 00:00:36]} 7. Qe2 {[%clk 01:30:29]}
{[%emt 00:00:46]} d6 {[%clk 01:30:57]} {[%emt 00:01:29]} 8. Bg5 {[%clk
01:29:55]} {[%emt 00:01:05]} h6 {[%clk 01:30:49]} {[%emt 00:00:37]} 9. Bh4
{[%clk 01:29:15]} {[%emt 00:01:11]} g5 {[%clk 01:30:05]} {[%emt 00:01:14]} 10.
Bg3 {[%clk 01:28:10]} {[%emt 00:01:34]} Qe7 {[%clk 01:29:10]} {[%emt 00:01:25]}
11. O-O-O {[%clk 01:23:28]} {[%emt 00:05:13]} Bd7 {[%clk 01:27:30]} {[%emt
00:02:08]} 12. f3 {[%clk 01:14:40]} {[%emt 00:09:19]} O-O-O {[%clk 01:25:27]}
{[%emt 00:02:33]} 13. Na4 {[%clk 00:59:31]} {[%emt 00:15:40]} Rde8 {[%clk
01:19:56]} {[%emt 00:06:00]} 14. Qd2 {[%clk 00:49:44]} {[%emt 00:10:18]} Nh5
{[%clk 01:10:18]} {[%emt 00:10:08]} 15. Nc3 {[%clk 00:42:29]} {[%emt 00:07:46]}
Nf6 {[%clk 00:57:04]} {[%emt 00:13:44]} 16. Bc4 {[%clk 00:34:17]} {[%emt
00:08:41]} Kb8 {[%clk 00:48:14]} {[%emt 00:09:20]} 17. Nd5 {[%clk 00:25:58]}
{[%emt 00:08:49]} Nxd5 {[%clk 00:46:02]} {[%emt 00:02:43]} 18. Bxd5 {[%clk
00:23:21]} {[%emt 00:03:06]} f5 {[%clk 00:44:40]} {[%emt 00:01:52]} 19. Bxc6
{[%clk 00:20:55]} {[%emt 00:02:56]} Bxc6 {[%clk 00:44:48]} {[%emt 00:00:22]}
20. Nd4 {[%clk 00:16:14]} {[%emt 00:05:11]} Bxd4 {[%clk 00:41:24]} {[%emt
00:03:54]} 21. Qxd4 {[%clk 00:15:43]} {[%emt 00:01:01]} fxe4 {[%clk 00:39:02]}
{[%emt 00:02:52]} 22. Rhe1 {[%clk 00:13:59]} {[%emt 00:02:14]} Rhf8 {[%clk
00:35:06]} {[%emt 00:04:26]} 23. Rd2 {[%clk 00:07:45]} {[%emt 00:06:44]} Qh7
{[%clk 00:24:16]} {[%emt 00:11:20]} 24. Bf2 {[%clk 00:02:10]} {[%emt 00:06:04]}
b6 {[%clk 00:23:07]} {[%emt 00:01:40]} 25. Qc4 {[%clk 00:01:43]} {[%emt
00:00:56]} Bb7 {[%clk 00:22:30]} {[%emt 00:01:07]} 26. Rde2 {[%clk 00:02:03]}
{[%emt 00:00:11]} Qf7 {[%clk 00:20:48]} {[%emt 00:02:12]} 27. Qxf7 {[%clk
00:00:45]} {[%emt 00:01:49]} Rxf7 {[%clk 00:21:12]} {[%emt 00:00:05]} 28. Bg3
{[%clk 00:00:41]} {[%emt 00:00:35]} Rfe7 {[%clk 00:21:09]} {[%emt 00:00:33]}
29. f4 {[%clk 00:00:36]} {[%emt 00:00:35]} gxf4 {[%clk 00:20:31]} {[%emt
00:01:07]} 30. Bxf4 {[%clk 00:00:57]} {[%emt 00:00:08]} Re6 {[%clk 00:20:18]}
{[%emt 00:00:43]} 31. Kd2 {[%clk 00:01:16]} {[%emt 00:00:12]} d5 {[%clk
00:19:34]} {[%emt 00:01:15]} 32. Kc3 {[%clk 00:01:20]} {[%emt 00:00:26]} Kc8
{[%clk 00:19:12]} {[%emt 00:00:51]} 33. g3 {[%clk 00:01:28]} {[%emt 00:00:22]}
c5 {[%clk 00:18:49]} {[%emt 00:00:53]} 34. Kd2 {[%clk 00:01:10]} {[%emt
00:00:48]} Ba6 {[%clk 00:18:33]} {[%emt 00:00:46]} 35. Rg2 {[%clk 00:00:45]}
{[%emt 00:00:55]} d4 {[%clk 00:18:19]} {[%emt 00:00:44]} 36. h4 {[%clk
00:00:40]} {[%emt 00:00:34]} e3+ {[%clk 00:18:05]} {[%emt 00:00:45]} 37. Kd1
{[%clk 00:01:07]} {[%emt 00:00:03]} Bb7 {[%clk 00:17:57]} {[%emt 00:00:39]} 38.
Rh2 {[%clk 00:00:39]} {[%emt 00:00:57]} Bf3+ {[%clk 00:17:27]} {[%emt
00:01:00]} 39. Kc1 {[%clk 00:01:03]} {[%emt 00:00:07]} h5 {[%clk 00:17:13]}
{[%emt 00:00:44]} 40. Rh3 {[%clk 00:00:46]} {[%emt 00:00:46]} Kd7 {[%clk
00:17:01]} {[%emt 00:00:42]} 41. Rh2 {[%clk 00:29:35]} {[%emt 00:01:41]} b5
{[%clk 00:44:53]} {[%emt 00:02:38]} 42. Rf1 {[%clk 00:28:19]} {[%emt 00:01:46]}
Rf8 {[%clk 00:37:51]} {[%emt 00:07:32]} 43. b3 {[%clk 00:20:44]} {[%emt
00:08:05]} c4 {[%clk 00:37:25]} {[%emt 00:00:57]} 44. Re1 {[%clk 00:20:13]}
{[%emt 00:01:00]} Rxf4 {[%clk 00:32:15]} {[%emt 00:05:40]} 45. gxf4 {[%clk
00:17:13]} {[%emt 00:03:30]} d3 {[%clk 00:32:38]} {[%emt 00:00:07]} 46. cxd3
{[%clk 00:13:02]} {[%emt 00:04:40]} cxd3 {[%clk 00:33:01]} {[%emt 00:00:07]}
47. Rd1 {[%clk 00:12:08]} {[%emt 00:01:24]} Bxd1 {[%clk 00:33:14]} {[%emt
00:00:17]} 48. Rh1 {[%clk 00:10:35]} {[%emt 00:02:02]} Bf3 {[%clk 00:33:05]}
{[%emt 00:00:39]} 49. f5 {[%clk 00:07:54]} {[%emt 00:03:12]} Rc6+ {[%clk
00:33:12]} {[%emt 00:00:22]} 50. Kb2 {[%clk 00:06:22]} {[%emt 00:02:02]} Rc2+
{[%clk 00:33:33]} {[%emt 00:00:10]} 51. Kb1 {[%clk 00:06:12]} {[%emt 00:00:40]}
Bxh1 {[%clk 00:33:51]} {[%emt 00:00:13]} 52. f6 {[%clk 00:06:18]} {[%emt
00:00:23]} e2 {[%clk 00:34:16]} {[%emt 00:00:04]} 53. f7 {[%clk 00:06:11]}
{[%emt 00:00:38]} e1=Q# {[%clk 00:34:41]} {[%emt 00:00:05]} 0-1

[Event "DVM U14w 2018"]
[Site "Neumünster GER"]
[Date "2018.12.29"]
[Round "5"]
[White "Ziegenfuß, Antonia"]
[Black "Neumann, Konstantina"]
[Result "1-0"]
[Termination "normal"]
[Board "3.1"]
[WhiteElo "1949"]
[BlackElo "1498"]
[WhiteClock "00:04:08"]
[BlackClock "00:02:10"]
[WhiteTeam "OSG Baden-Baden"]
[BlackTeam "Gütersloher SV"]
[PlyCount "103"]
[WhiteFideId "12962554"]
[BlackFideId "16200543"]
[EventCountry "GER"]
[EventRounds "7"]
[EventType "team-swiss"]
[EventDate "2018.12.26"]

1. d4 {[%clk 01:30:57]} {[%emt 00:00:02]} d5 {[%clk 01:30:51]} {[%emt
00:00:09]} 2. c4 {[%clk 01:31:22]} {[%emt 00:00:06]} e6 {[%clk 01:31:12]}
{[%emt 00:00:09]} 3. Nc3 {[%clk 01:31:44]} {[%emt 00:00:07]} Nf6 {[%clk
01:31:27]} {[%emt 00:00:15]} 4. cxd5 {[%clk 01:32:05]} {[%emt 00:00:09]} exd5
{[%clk 01:31:40]} {[%emt 00:00:17]} 5. Bg5 {[%clk 01:32:28]} {[%emt 00:00:07]}
Be7 {[%clk 01:31:26]} {[%emt 00:00:45]} 6. e3 {[%clk 01:32:44]} {[%emt
00:00:13]} O-O {[%clk 01:30:48]} {[%emt 00:01:08]} 7. Bd3 {[%clk 01:32:57]}
{[%emt 00:00:17]} Be6 {[%clk 01:29:56]} {[%emt 00:01:22]} 8. Nge2 {[%clk
01:31:11]} {[%emt 00:02:17]} c6 {[%clk 01:25:13]} {[%emt 00:05:12]} 9. Qc2
{[%clk 01:29:45]} {[%emt 00:01:56]} h6 {[%clk 01:23:47]} {[%emt 00:01:57]} 10.
Bh4 {[%clk 01:29:38]} {[%emt 00:00:37]} Re8 {[%clk 01:13:53]} {[%emt 00:10:24]}
11. f3 {[%clk 01:25:42]} {[%emt 00:04:26]} Qb6 {[%clk 00:59:32]} {[%emt
00:14:48]} 12. O-O {[%clk 01:23:12]} {[%emt 00:03:03]} Na6 {[%clk 00:49:54]}
{[%emt 00:10:07]} 13. a3 {[%clk 01:22:06]} {[%emt 00:01:37]} Rad8 {[%clk
00:48:56]} {[%emt 00:01:28]} 14. Kh1 {[%clk 01:19:15]} {[%emt 00:03:20]} Nh5
{[%clk 00:39:07]} {[%emt 00:10:19]} 15. Bf2 {[%clk 01:16:40]} {[%emt 00:03:05]}
Rc8 {[%clk 00:25:02]} {[%emt 00:14:36]} 16. b4 {[%clk 01:06:00]} {[%emt
00:11:10]} Nb8 {[%clk 00:22:32]} {[%emt 00:02:59]} 17. e4 {[%clk 01:03:02]}
{[%emt 00:03:28]} dxe4 {[%clk 00:18:15]} {[%emt 00:04:48]} 18. fxe4 {[%clk
01:02:05]} {[%emt 00:01:26]} Qd8 {[%clk 00:18:27]} {[%emt 00:00:15]} 19. e5
{[%clk 00:57:30]} {[%emt 00:05:08]} Nd7 {[%clk 00:15:29]} {[%emt 00:03:28]} 20.
Be3 {[%clk 00:52:33]} {[%emt 00:05:26]} Rf8 {[%clk 00:14:43]} {[%emt 00:01:17]}
21. Qd2 {[%clk 00:38:47]} {[%emt 00:14:16]} g5 {[%clk 00:10:41]} {[%emt
00:04:32]} 22. Ne4 {[%clk 00:31:32]} {[%emt 00:07:45]} b6 {[%clk 00:08:18]}
{[%emt 00:02:54]} 23. N4g3 {[%clk 00:27:43]} {[%emt 00:04:18]} Nxg3+ {[%clk
00:08:33]} {[%emt 00:00:15]} 24. Nxg3 {[%clk 00:28:06]} {[%emt 00:00:07]} c5
{[%clk 00:07:38]} {[%emt 00:01:25]} 25. Qe2 {[%clk 00:20:36]} {[%emt 00:08:00]}
Re8 {[%clk 00:06:57]} {[%emt 00:01:12]} 26. Qh5 {[%clk 00:19:13]} {[%emt
00:01:52]} Bf8 {[%clk 00:06:47]} {[%emt 00:00:40]} 27. Ne4 {[%clk 00:14:40]}
{[%emt 00:05:03]} Bg7 {[%clk 00:03:56]} {[%emt 00:03:21]} 28. Bxg5 {[%clk
00:05:00]} {[%emt 00:10:10]} hxg5 {[%clk 00:03:43]} {[%emt 00:00:43]} 29. Nxg5
{[%clk 00:05:11]} {[%emt 00:00:18]} Qe7 {[%clk 00:03:45]} {[%emt 00:00:29]} 30.
Bh7+ {[%clk 00:02:04]} {[%emt 00:03:37]} Kf8 {[%clk 00:03:57]} {[%emt
00:00:18]} 31. Bg6 {[%clk 00:01:20]} {[%emt 00:01:13]} f6 {[%clk 00:02:43]}
{[%emt 00:01:45]} 32. exf6 {[%clk 00:01:32]} {[%emt 00:00:18]} Nxf6 {[%clk
00:02:44]} {[%emt 00:00:29]} 33. Bxe8 {[%clk 00:01:38]} {[%emt 00:00:24]} Rxe8
{[%clk 00:02:58]} {[%emt 00:00:17]} 34. Nh7+ {[%clk 00:01:44]} {[%emt
00:00:23]} Kg8 {[%clk 00:03:15]} {[%emt 00:00:12]} 35. Nxf6+ {[%clk 00:02:00]}
{[%emt 00:00:14]} Bxf6 {[%clk 00:03:02]} {[%emt 00:00:44]} 36. Rxf6 {[%clk
00:02:08]} {[%emt 00:00:22]} Qxf6 {[%clk 00:01:14]} {[%emt 00:02:18]} 37. Qxe8+
{[%clk 00:02:33]} {[%emt 00:00:04]} Kg7 {[%clk 00:01:16]} {[%emt 00:00:28]} 38.
Re1 {[%clk 00:02:48]} {[%emt 00:00:16]} Bf7 {[%clk 00:01:14]} {[%emt 00:00:32]}
39. Qe5 {[%clk 00:02:22]} {[%emt 00:00:56]} cxd4 {[%clk 00:01:04]} {[%emt
00:00:41]} 40. Qxf6+ {[%clk 00:02:39]} {[%emt 00:00:12]} Kxf6 {[%clk 00:01:27]}
{[%emt 00:00:06]} 41. Rf1+ {[%clk 00:01:27]} {[%emt 00:01:43]} Ke6 {[%clk
00:01:11]} {[%emt 00:00:46]} 42. Rxf7 {[%clk 00:01:12]} {[%emt 00:00:45]} Kxf7
{[%clk 00:01:34]} {[%emt 00:00:07]} 43. Kg1 {[%clk 00:01:39]} {[%emt 00:00:03]}
Ke6 {[%clk 00:01:54]} {[%emt 00:00:10]} 44. Kf1 {[%clk 00:02:00]} {[%emt
00:00:09]} Ke5 {[%clk 00:02:15]} {[%emt 00:00:08]} 45. Ke2 {[%clk 00:02:27]}
{[%emt 00:00:04]} Ke4 {[%clk 00:02:34]} {[%emt 00:00:11]} 46. h4 {[%clk
00:02:21]} {[%emt 00:00:36]} Kf5 {[%clk 00:02:37]} {[%emt 00:00:26]} 47. Kd3
{[%clk 00:02:47]} {[%emt 00:00:05]} Kg4 {[%clk 00:02:51]} {[%emt 00:00:16]} 48.
g3 {[%clk 00:03:11]} {[%emt 00:00:06]} a5 {[%clk 00:02:48]} {[%emt 00:00:33]}
49. bxa5 {[%clk 00:03:31]} {[%emt 00:00:10]} bxa5 {[%clk 00:03:10]} {[%emt
00:00:08]} 50. a4 {[%clk 00:03:57]} {[%emt 00:00:04]} Kf5 {[%clk 00:02:29]}
{[%emt 00:01:08]} 51. Kxd4 {[%clk 00:04:14]} {[%emt 00:00:16]} Kg4 {[%clk
00:02:10]} {[%emt 00:00:49]} 52. Kc5 {[%clk 00:04:08]} {[%emt 00:00:36]} 1-0

[Event "DVM U14w 2018"]
[Site "Neumünster GER"]
[Date "2018.12.29"]
[Round "5"]
[White "Klahold, Rona"]
[Black "Doll, Rebecca"]
[Result "1/2-1/2"]
[Termination "normal"]
[Board "3.2"]
[WhiteElo "1355"]
[BlackElo "1764"]
[WhiteClock "00:38:16"]
[BlackClock "00:18:19"]
[WhiteTeam "Gütersloher SV"]
[BlackTeam "OSG Baden-Baden"]
[PlyCount "104"]
[WhiteFideId "16222970"]
[BlackFideId "16236890"]
[EventCountry "GER"]
[EventRounds "7"]
[EventType "team-swiss"]
[EventDate "2018.12.26"]

1. e4 {[%clk 01:30:59]} {[%emt 00:00:01]} e5 {[%clk 01:30:55]} {[%emt
00:00:05]} 2. Nf3 {[%clk 01:31:20]} {[%emt 00:00:08]} Nc6 {[%clk 01:31:21]}
{[%emt 00:00:05]} 3. Bc4 {[%clk 01:31:40]} {[%emt 00:00:09]} Bc5 {[%clk
01:31:42]} {[%emt 00:00:10]} 4. Nc3 {[%clk 01:31:58]} {[%emt 00:00:12]} Nf6
{[%clk 01:31:51]} {[%emt 00:00:21]} 5. d3 {[%clk 01:32:06]} {[%emt 00:00:22]}
d6 {[%clk 01:32:13]} {[%emt 00:00:08]} 6. h3 {[%clk 01:31:55]} {[%emt
00:00:40]} h6 {[%clk 01:30:23]} {[%emt 00:02:21]} 7. Be3 {[%clk 01:29:00]}
{[%emt 00:03:24]} Bb6 {[%clk 01:27:02]} {[%emt 00:03:52]} 8. O-O {[%clk
01:26:27]} {[%emt 00:03:03]} O-O {[%clk 01:24:32]} {[%emt 00:03:01]} 9. Ne2
{[%clk 01:21:19]} {[%emt 00:05:37]} d5 {[%clk 01:17:01]} {[%emt 00:08:01]} 10.
exd5 {[%clk 01:19:42]} {[%emt 00:02:07]} Nxd5 {[%clk 01:15:53]} {[%emt
00:01:38]} 11. Bxd5 {[%clk 01:10:10]} {[%emt 00:10:02]} Qxd5 {[%clk 01:16:09]}
{[%emt 00:00:14]} 12. d4 {[%clk 01:09:55]} {[%emt 00:00:45]} exd4 {[%clk
01:03:37]} {[%emt 00:13:01]} 13. Nexd4 {[%clk 01:09:46]} {[%emt 00:00:40]} Nxd4
{[%clk 01:02:41]} {[%emt 00:01:27]} 14. Nxd4 {[%clk 01:10:04]} {[%emt
00:00:11]} Bd7 {[%clk 01:00:56]} {[%emt 00:02:12]} 15. Nf3 {[%clk 01:04:04]}
{[%emt 00:06:33]} Bc6 {[%clk 00:57:13]} {[%emt 00:04:12]} 16. Qxd5 {[%clk
01:03:22]} {[%emt 00:01:13]} Bxd5 {[%clk 00:57:36]} {[%emt 00:00:07]} 17. Bxb6
{[%clk 01:02:26]} {[%emt 00:01:26]} axb6 {[%clk 00:57:31]} {[%emt 00:00:35]}
18. a3 {[%clk 00:55:00]} {[%emt 00:07:57]} Rfe8 {[%clk 00:56:06]} {[%emt
00:01:55]} 19. Nd4 {[%clk 00:40:57]} {[%emt 00:14:32]} Re7 {[%clk 00:44:56]}
{[%emt 00:11:39]} 20. Rfe1 {[%clk 00:33:31]} {[%emt 00:07:56]} Rae8 {[%clk
00:44:13]} {[%emt 00:01:14]} 21. Rxe7 {[%clk 00:33:33]} {[%emt 00:00:28]} Rxe7
{[%clk 00:44:35]} {[%emt 00:00:07]} 22. Rd1 {[%clk 00:33:30]} {[%emt 00:00:32]}
Bc6 {[%clk 00:43:30]} {[%emt 00:01:36]} 23. Nxc6 {[%clk 00:30:47]} {[%emt
00:03:14]} bxc6 {[%clk 00:43:50]} {[%emt 00:00:11]} 24. Rd8+ {[%clk 00:30:47]}
{[%emt 00:00:29]} Kh7 {[%clk 00:44:11]} {[%emt 00:00:09]} 25. Kf1 {[%clk
00:30:37]} {[%emt 00:00:40]} Kg6 {[%clk 00:42:48]} {[%emt 00:01:51]} 26. b4
{[%clk 00:28:26]} {[%emt 00:02:43]} b5 {[%clk 00:42:22]} {[%emt 00:00:57]} 27.
Rd4 {[%clk 00:26:56]} {[%emt 00:01:57]} Kf5 {[%clk 00:39:00]} {[%emt 00:03:54]}
28. f3 {[%clk 00:23:59]} {[%emt 00:03:27]} Ke5 {[%clk 00:23:44]} {[%emt
00:15:45]} 29. Re4+ {[%clk 00:24:05]} {[%emt 00:00:24]} Kd6 {[%clk 00:23:55]}
{[%emt 00:00:20]} 30. Rxe7 {[%clk 00:24:13]} {[%emt 00:00:17]} Kxe7 {[%clk
00:24:23]} {[%emt 00:00:07]} 31. Ke2 {[%clk 00:24:25]} {[%emt 00:00:17]} Kd6
{[%clk 00:24:41]} {[%emt 00:00:13]} 32. Kd2 {[%clk 00:24:26]} {[%emt 00:00:29]}
Ke5 {[%clk 00:24:36]} {[%emt 00:00:35]} 33. Ke3 {[%clk 00:24:49]} {[%emt
00:00:07]} g5 {[%clk 00:23:17]} {[%emt 00:01:48]} 34. c3 {[%clk 00:17:05]}
{[%emt 00:08:14]} h5 {[%clk 00:19:08]} {[%emt 00:04:39]} 35. g3 {[%clk
00:15:03]} {[%emt 00:02:33]} f5 {[%clk 00:07:26]} {[%emt 00:12:12]} 36. f4+
{[%clk 00:11:50]} {[%emt 00:03:43]} gxf4+ {[%clk 00:07:24]} {[%emt 00:00:31]}
37. gxf4+ {[%clk 00:12:13]} {[%emt 00:00:07]} Kd5 {[%clk 00:07:28]} {[%emt
00:00:26]} 38. h4 {[%clk 00:11:57]} {[%emt 00:00:46]} Kc4 {[%clk 00:07:28]}
{[%emt 00:00:31]} 39. Kd2 {[%clk 00:12:22]} {[%emt 00:00:04]} c5 {[%clk
00:04:54]} {[%emt 00:03:04]} 40. Kc2 {[%clk 00:10:05]} {[%emt 00:02:47]} cxb4
{[%clk 00:03:47]} {[%emt 00:01:38]} 41. axb4 {[%clk 00:10:25]} {[%emt
00:00:10]} Kd5 {[%clk 00:29:11]} {[%emt 00:05:06]} 42. Kd3 {[%clk 00:39:18]}
{[%emt 00:01:36]} c6 {[%clk 00:28:45]} {[%emt 00:00:57]} 43. Ke3 {[%clk
00:39:05]} {[%emt 00:00:43]} Kc4 {[%clk 00:25:14]} {[%emt 00:04:01]} 44. Kd2
{[%clk 00:39:25]} {[%emt 00:00:10]} c5 {[%clk 00:23:30]} {[%emt 00:02:13]} 45.
bxc5 {[%clk 00:39:26]} {[%emt 00:00:29]} Kxc5 {[%clk 00:23:54]} {[%emt
00:00:07]} 46. Ke3 {[%clk 00:39:46]} {[%emt 00:00:10]} Kc4 {[%clk 00:23:18]}
{[%emt 00:01:06]} 47. Kd2 {[%clk 00:40:04]} {[%emt 00:00:12]} Kb3 {[%clk
00:20:41]} {[%emt 00:03:06]} 48. Kd3 {[%clk 00:40:21]} {[%emt 00:00:14]} Ka3
{[%clk 00:17:20]} {[%emt 00:03:51]} 49. Kd4 {[%clk 00:37:03]} {[%emt 00:03:47]}
Kb3 {[%clk 00:17:11]} {[%emt 00:00:39]} 50. Kd3 {[%clk 00:37:26]} {[%emt
00:00:08]} Ka3 {[%clk 00:17:32]} {[%emt 00:00:08]} 51. Kd4 {[%clk 00:37:50]}
{[%emt 00:00:06]} Kb3 {[%clk 00:17:57]} {[%emt 00:00:06]} 52. Kd3 {[%clk
00:38:16]} {[%emt 00:00:04]} Ka3 {[%clk 00:18:19]} {[%emt 00:00:07]} 1/2-1/2

[Event "DVM U14w 2018"]
[Site "Neumünster GER"]
[Date "2018.12.29"]
[Round "5"]
[White "Visvikis, Kassandra"]
[Black "Engels, Marlene"]
[Result "1-0"]
[Termination "normal"]
[Board "3.3"]
[WhiteElo "1494"]
[BlackElo "1121"]
[WhiteClock "00:29:22"]
[BlackClock "00:25:46"]
[WhiteTeam "OSG Baden-Baden"]
[BlackTeam "Gütersloher SV"]
[PlyCount "113"]
[WhiteFideId "36052167"]
[BlackFideId "16222962"]
[EventCountry "GER"]
[EventRounds "7"]
[EventType "team-swiss"]
[EventDate "2018.12.26"]

1. e4 {[%clk 01:30:59]} e5 {[%clk 01:30:53]} {[%emt 00:00:07]} 2. Nf3 {[%clk
01:31:24]} {[%emt 00:00:04]} Nc6 {[%clk 01:31:17]} {[%emt 00:00:07]} 3. Bb5
{[%clk 01:31:49]} {[%emt 00:00:05]} d6 {[%clk 01:31:40]} {[%emt 00:00:07]} 4.
O-O {[%clk 01:31:49]} {[%emt 00:00:30]} Bd7 {[%clk 01:31:54]} {[%emt 00:00:16]}
5. Ba4 {[%clk 01:31:04]} {[%emt 00:01:15]} Nf6 {[%clk 01:31:01]} {[%emt
00:01:24]} 6. d3 {[%clk 01:31:23]} {[%emt 00:00:11]} h6 {[%clk 01:30:21]}
{[%emt 00:01:09]} 7. Be3 {[%clk 01:31:29]} {[%emt 00:00:24]} Be7 {[%clk
01:27:52]} {[%emt 00:02:59]} 8. c3 {[%clk 01:31:11]} {[%emt 00:00:48]} O-O
{[%clk 01:26:47]} {[%emt 00:01:35]} 9. Nbd2 {[%clk 01:31:11]} {[%emt 00:00:30]}
a6 {[%clk 01:23:31]} {[%emt 00:03:47]} 10. Re1 {[%clk 01:28:11]} {[%emt
00:03:28]} Ng4 {[%clk 01:18:33]} {[%emt 00:05:28]} 11. Nf1 {[%clk 01:22:01]}
{[%emt 00:06:40]} Bg5 {[%clk 01:09:57]} {[%emt 00:09:06]} 12. Bxg5 {[%clk
01:10:23]} {[%emt 00:12:09]} hxg5 {[%clk 01:08:56]} {[%emt 00:01:31]} 13. h3
{[%clk 00:56:18]} {[%emt 00:14:35]} Nh6 {[%clk 01:03:05]} {[%emt 00:06:20]} 14.
N3h2 {[%clk 00:53:43]} {[%emt 00:03:06]} Ne7 {[%clk 00:57:00]} {[%emt
00:06:35]} 15. Bxd7 {[%clk 00:53:04]} {[%emt 00:01:10]} Qxd7 {[%clk 00:54:25]}
{[%emt 00:03:05]} 16. Qh5 {[%clk 00:49:54]} {[%emt 00:03:39]} Qb5 {[%clk
00:41:58]} {[%emt 00:12:56]} 17. Qxg5 {[%clk 00:48:53]} {[%emt 00:01:32]} Ng6
{[%clk 00:38:31]} {[%emt 00:03:56]} 18. Qd2 {[%clk 00:47:10]} {[%emt 00:02:13]}
Nf4 {[%clk 00:36:32]} {[%emt 00:02:30]} 19. Rad1 {[%clk 00:45:01]} {[%emt
00:02:40]} Rfe8 {[%clk 00:33:15]} {[%emt 00:03:47]} 20. d4 {[%clk 00:40:17]}
{[%emt 00:05:14]} Qa4 {[%clk 00:27:45]} {[%emt 00:05:59]} 21. b3 {[%clk
00:33:12]} {[%emt 00:07:35]} Qc6 {[%clk 00:26:14]} {[%emt 00:02:00]} 22. d5
{[%clk 00:31:45]} {[%emt 00:01:58]} Qd7 {[%clk 00:25:35]} {[%emt 00:01:09]} 23.
Ng3 {[%clk 00:30:14]} {[%emt 00:02:01]} Qe7 {[%clk 00:23:26]} {[%emt 00:02:39]}
24. Nf3 {[%clk 00:26:08]} {[%emt 00:04:36]} Qf6 {[%clk 00:21:10]} {[%emt
00:02:46]} 25. Ne2 {[%clk 00:20:32]} {[%emt 00:06:05]} Rad8 {[%clk 00:17:42]}
{[%emt 00:03:58]} 26. Nxf4 {[%clk 00:18:33]} {[%emt 00:02:30]} exf4 {[%clk
00:16:55]} {[%emt 00:01:18]} 27. c4 {[%clk 00:10:27]} {[%emt 00:08:36]} Rd7
{[%clk 00:15:09]} {[%emt 00:02:15]} 28. Qd4 {[%clk 00:10:45]} {[%emt 00:00:11]}
Qxd4 {[%clk 00:11:54]} {[%emt 00:03:45]} 29. Nxd4 {[%clk 00:11:08]} {[%emt
00:00:08]} Rde7 {[%clk 00:11:26]} {[%emt 00:00:57]} 30. f3 {[%clk 00:09:23]}
{[%emt 00:02:15]} c5 {[%clk 00:11:13]} {[%emt 00:00:43]} 31. dxc6 {[%clk
00:08:53]} {[%emt 00:01:01]} Rc7 {[%clk 00:08:07]} {[%emt 00:03:36]} 32. cxb7
{[%clk 00:08:14]} {[%emt 00:01:09]} Rxb7 {[%clk 00:07:37]} {[%emt 00:01:00]}
33. Ne2 {[%clk 00:08:31]} {[%emt 00:00:13]} Rd7 {[%clk 00:07:05]} {[%emt
00:01:02]} 34. Nxf4 {[%clk 00:08:49]} {[%emt 00:00:12]} g6 {[%clk 00:06:32]}
{[%emt 00:01:03]} 35. Nd5 {[%clk 00:08:47]} {[%emt 00:00:33]} Re6 {[%clk
00:06:00]} {[%emt 00:01:01]} 36. e5 {[%clk 00:08:31]} {[%emt 00:00:46]} Nf5
{[%clk 00:05:25]} {[%emt 00:01:05]} 37. Nf6+ {[%clk 00:08:48]} {[%emt
00:00:13]} Rxf6 {[%clk 00:04:35]} {[%emt 00:01:20]} 38. exf6 {[%clk 00:09:13]}
{[%emt 00:00:05]} Rd8 {[%clk 00:03:42]} {[%emt 00:01:22]} 39. c5 {[%clk
00:07:36]} {[%emt 00:02:07]} d5 {[%clk 00:02:56]} {[%emt 00:01:17]} 40. c6
{[%clk 00:07:43]} {[%emt 00:00:23]} Rc8 {[%clk 00:02:31]} {[%emt 00:00:55]} 41.
Rxd5 {[%clk 00:07:21]} {[%emt 00:00:52]} Rxc6 {[%clk 00:01:58]} {[%emt
00:01:03]} 42. Rd8+ {[%clk 00:06:20]} {[%emt 00:01:31]} Kh7 {[%clk 00:02:08]}
{[%emt 00:00:19]} 43. Rb1 {[%clk 00:30:09]} {[%emt 00:06:41]} Rxf6 {[%clk
00:29:12]} {[%emt 00:03:27]} 44. Kf2 {[%clk 00:29:40]} {[%emt 00:00:58]} Rc6
{[%clk 00:28:45]} {[%emt 00:00:56]} 45. Rb2 {[%clk 00:29:11]} {[%emt 00:01:00]}
Kg7 {[%clk 00:27:31]} {[%emt 00:01:44]} 46. b4 {[%clk 00:28:26]} {[%emt
00:01:17]} Rb6 {[%clk 00:27:13]} {[%emt 00:00:47]} 47. a4 {[%clk 00:28:37]}
{[%emt 00:00:20]} a5 {[%clk 00:26:16]} {[%emt 00:01:27]} 48. b5 {[%clk
00:28:34]} {[%emt 00:00:32]} Ne7 {[%clk 00:25:49]} {[%emt 00:00:57]} 49. Rd7
{[%clk 00:27:20]} {[%emt 00:01:44]} Nc8 {[%clk 00:25:25]} {[%emt 00:00:54]} 50.
Rc7 {[%clk 00:26:55]} {[%emt 00:00:55]} Nd6 {[%clk 00:25:40]} {[%emt 00:00:15]}
51. Rc6 {[%clk 00:27:07]} {[%emt 00:00:18]} Rxc6 {[%clk 00:25:00]} {[%emt
00:01:10]} 52. bxc6 {[%clk 00:27:31]} {[%emt 00:00:06]} Nc8 {[%clk 00:25:20]}
{[%emt 00:00:10]} 53. c7 {[%clk 00:27:55]} {[%emt 00:00:06]} Na7 {[%clk
00:25:26]} {[%emt 00:00:24]} 54. Rb8 {[%clk 00:28:11]} {[%emt 00:00:14]} Kf6
{[%clk 00:25:07]} {[%emt 00:00:49]} 55. c8=Q {[%clk 00:28:34]} {[%emt
00:00:07]} Nxc8 {[%clk 00:25:32]} {[%emt 00:00:04]} 56. Rxc8 {[%clk 00:29:01]}
{[%emt 00:00:04]} Ke7 {[%clk 00:25:46]} {[%emt 00:00:17]} 57. Ra8 {[%clk
00:29:22]} {[%emt 00:00:08]} 1-0